| 000 | 00624nam a2200181 a 4500 | ||
|---|---|---|---|
| 001 | 000030777 | ||
| 005 | 20200930062514.0 | ||
| 008 | 110530s1947 pn 000 p spa d | ||
| 040 |
_aDO-SdBNP _bspa _cBNPHU |
||
| 082 |
_axxxx _bS197u |
||
| 100 | 1 |
_aSanabia, Rafael Emilio _926438 |
|
| 245 | 1 | 0 |
_aUrraca : _bindio libertador / _cRafael Emilio Sanabia. |
| 260 |
_aPanamá : _bLa Estrella de Pánama, _c1947. |
||
| 300 |
_a27 p. ; _c24 cm. |
||
| 490 | 1 | _aCultura americana | |
| 505 | 0 |
_tIdeario -- _tSombras de los Caciques -- _tLos conquistadores -- _tEl grito de la raza -- _tCanto a Panamá. |
|
| 830 | 0 |
_aCultura americana _957335 |
|
| 999 |
_c30269 _d30269 |
||